Využití metody Monte Carlo v in-vivo měřeních kosterní aktivity aktinidů = Application on Monte Carlo method to in-vivo measurements of actinides activity in the skeleton /

Hlavní autor: Vrba, Tomáš, 1978-
Korporativní autor: České vysoké učení technické v Praze. Jaderná a fyzikálně inženýrská fakulta
Jazyk: Čeština
Vydáno: V Praze : České vysoké učení technické, 2014
Edice: Habilitační přednášky ; 14/2014
Témata:
Fyzický popis: 26 s. : barev. il. ; 21 cm
Language note: České a anglické resumé
Knihy
Uloženo v:
LEADER 02447nam a2200589 a 4500
001 nkc20142602901
003 CZ PrNK
005 20140924132602.0
007 ta
008 140710s2014 xr a f m 000 0 cze
015 |a cnb002602901 
020 |a 978-80-01-05515-1  |q (brož.) 
035 |a (OCoLC)886606514 
040 |a ABA001  |b cze 
041 0 |a cze  |b cze  |b eng 
072 7 |a 539  |x Fyzikální stavba hmoty. Jaderná fyzika. Molekulární fyzika  |2 Konspekt  |9 6 
080 |a 539.16.08  |2 MRF 
080 |a 611.018.4  |2 MRF 
080 |a 611.714/.716  |2 MRF 
080 |a 539.163  |2 MRF 
080 |a 004.94  |2 MRF 
080 |a (043.5:042.3)  |2 MRF 
100 1 |a Vrba, Tomáš,  |d 1978-  |7 jo2014829442  |4 aut 
245 1 0 |a Využití metody Monte Carlo v in-vivo měřeních kosterní aktivity aktinidů =  |b Application on Monte Carlo method to in-vivo measurements of actinides activity in the skeleton /  |c Tomáš Vrba 
246 3 1 |a Application on Monte Carlo method to in-vivo measurements of actinides activity in the skeleton 
260 |a V Praze :  |b České vysoké učení technické,  |c 2014 
300 |a 26 s. :  |b barev. il. ;  |c 21 cm 
490 1 |a Habilitační přednášky ;  |v 14/2014 
500 |a Nad názvem: České vysoké učení technické v Praze, Fakulta jaderná a fyzikálně inženýrská 
500 |a 44 výt. 
504 |a Obsahuje bibliografii 
546 |a České a anglické resumé 
650 0 7 |a měření radioaktivity  |7 ph187931  |2 czenas 
650 0 7 |a kostní tkáň  |7 ph169361  |2 czenas 
650 0 7 |a lebka  |7 ph122221  |2 czenas 
650 0 7 |a radionuklidy  |7 ph124992  |2 czenas 
650 0 7 |a modelování a simulace  |7 ph125543  |2 czenas 
650 0 9 |a radioactivity measurement  |2 eczenas 
650 0 9 |a bone tissue  |2 eczenas 
650 0 9 |a skull  |2 eczenas 
650 0 9 |a radionuclides  |2 eczenas 
650 0 9 |a modeling and simulation  |2 eczenas 
655 7 |a habilitační přednášky  |7 fd187328  |2 czenas 
655 9 |a habilitation lectures  |2 eczenas 
710 2 |a České vysoké učení technické v Praze.  |b Jaderná a fyzikálně inženýrská fakulta  |7 kn20010710178 
810 2 |a České vysoké učení technické v Praze.  |t Habilitační přednášky  |0 s 
910 2 |a BOA001  |b 2-1331.742 
928 9 |a Česká technika - nakladatelství ČVUT 
990 |a BK 
995 |a 01 
991 |b 201409  |c NOV  |e n 
996 6 |b 2610604188  |c 2-1331.742  |l MZK  |r Sklad / do 1 hodiny  |n 1  |p p.v.  |w 001454382  |u 000010  |a 1  |e BOA001  |j MZK50  |s P